Chemical conversion factors and yields : commercial and theoretical /

Guardado en:
Autor Principal: Blackford, Judith L.
Otros Autores: Davenport, Robert E., Klapproth, Elaine M.
Formato: Libro
Idioma:English
Publicado: Menlo Park, Calif. : Chemical Information Services, Stanford Research Institute, c1977.
Edición:2nd ed.
Materias:
Etiquetas: Agregar Etiqueta
Sin Etiquetas, Sea el primero en etiquetar este registro!
LEADER 00825cam a22002175a 4500
001 EIQ.libpla002914
008 770718s1977####caua##########000#0#eng#d
005 20070917144230.0
245 1 0 |a Chemical conversion factors and yields :  |b commercial and theoretical /  |c by Judith L. Blackford, with Robert E. Davenport, Elaine M. Klapproth. 
250 |a 2nd ed. 
260 |a Menlo Park, Calif. :  |b Chemical Information Services, Stanford Research Institute,  |c c1977. 
300 |a xvi, 117 p. :  |b il. ;  |c 29 cm. 
100 1 |a Blackford, Judith L. 
700 1 |a Davenport, Robert E. 
700 1 |a Klapproth, Elaine M. 
082 0 0 |a 660.2/8/00212 
650 0 |a Procesos químicos  |x Tablas. 
650 0 |a Chemical processes  |x Tables. 
010 |a  77151186  
040 |a DLC  |c DLC  |d AR-BbSID 
859 |a AR-BbSID  |b BIB. PLAPIQUI  |h 661  |i B 561  |k R  |p 1421